000 00528cab a2200193 4500
001 X1962
008 090401t1995 xxu||||| |||| 00| 0 eng d
035 _a(Sirsi) u20656
041 _aeng
245 _aTransfer to fellowship: CPD check needed on application
260 _c1995
350 _a0
490 _aCSM (Chartered Surveyor Monthly)
_v4(4) February 1995, 10(1)
650 _aCPD
650 _aPROFILE CARDS
690 _aMANAGEMENT-BUSINESS MANAGEMENT-PROFESSIONAL PRACTICE
942 _n0
948 _c04/03/1997
999 _c13837
_d13837